Responses for Show #4373 - Wednesday, September 17, 2003

Game data retrieved from an alternate archive.

Contestants

[<< previous game]

Marybeth Meakim, a seventh grade teacher from Glenside, Pennsylvania

Sylvia Parker, a freelance editor from New York, New York

Brian Hindelang, an electronics technician from San Antonio, Texas (whose 1-day cash winnings total $30,800)

[next game >>]

Jeopardy! Round responses

SAINTS
MOVIE COMEDIES
THINK TWICE
TURIN
"UR" HEAD
KAFKA
    $200 15
St. Andrew

Sylvia
    $200 10
Anger Management

Brian
    $200 1
sound

Brian
    $200 17
the Shroud of Turin

Marybeth
    $200 26
Uranus

Brian
    $200 6
Prague

Sylvia
    $400 22
St. Lawrence

Marybeth
    $400 11
What Women Want

Brian
    $400 2
the postman

Sylvia
    $400 18
da Vinci

Brian
    $400 27
(Marybeth: What is Ursus Minor?)

Ursa Minor

BrianMarybeth
    $400 7
Hebrew

Sylvia
    $600 23
Paul

Brian
    $600 12
Reese Witherspoon

Brian
    $1,000 3
zero

Sylvia
    $600 19
La Boheme

Brian
    $600 28
Uruguay

Brian
    $600 8
Dostoevsky

Sylvia
    $800 24
Catherine

Marybeth
    $800 13
Two Weeks Notice

Brian
    $800 4
presidential terms

Marybeth
    $800 20
Ramses II (Ramses the Great)

Brian
    $800 29
Urban

Brian
    $800 9
a beetle

Marybeth
    $1000 25
(Sylvia: What is Poland?)

Hungary

Sylvia
Triple Stumper
    $1000 14
Meatballs

Triple Stumper
    $1000 5
pottery

Sylvia
    $1000 21
Sardinia

Triple Stumper
    $1000 30
Leon Uris

Brian
    $1000 16
K

Sylvia

Scores at the first commercial break (after clue 15):

Brian Sylvia Marybeth
$2,200 $3,800 $1,600

Scores at the end of the Jeopardy! Round:

Brian Sylvia Marybeth
$7,600 $3,800 $2,600

Double Jeopardy! Round responses

CHINESE HISTORY
THE SUMMER OLYMPICS
LIFE ON THE TITANIC
GEMS & JEWELS
QUOTES FROM THE 1920s
CAN I HAVE A WORD?
    $400 26
Tibet

Sylvia
    $400 21
George Foreman

Brian
    $400 7
champagne

Sylvia
    $400 2
red & green

Brian
    $400 12
Mussolini

Marybeth
    $400 1
rivers

Triple Stumper
    $800 27
[The end-of-round signal sounds.]

the civil service

Brian
    $800 22
(Marybeth: What is water polo?)

volleyball

BrianMarybeth
    $800 17
(Brian: What are the engines?)

boilers

Brian
Triple Stumper
    $800 3
Queen Elizabeth II

Brian
    $800 13
Al Jolson

Sylvia
    $800 8
coins

Triple Stumper
    $1200 23
fast pitch

Brian
    $1200 18
"Nearer, My God, To Thee"

Brian
    $1200 4
water

Brian
    $1200 14
blondes

Sylvia
    $2,000 9
(Sylvia: What are apple trees?)

bees

Sylvia
    $1600 24
Paavo Nurmi

Triple Stumper
    $1600 19
(Brian: What is Cunard?)

White Star

BrianMarybeth
    $1600 5
(Brian: What is zinc?)
(Sylvia: What is iron?)

chromium

BrianSylvia
Triple Stumper
    $1600 15
(Sylvia: What is building? What is an apartment building?)

house

Sylvia
Triple Stumper
    $1600 10
(Brian: What is an "E"?)

netiquette

Brian
Triple Stumper
    $2000 25
Summer Sanders

Brian
    $2000 20
a Gladstone bag

Sylvia
    $2000 6
Koh-i-Noor

Triple Stumper
    $1,000 16
(Sylvia: Who is Scopes?)

Clarence Darrow

Sylvia
    $2000 11
gulf

Triple Stumper

Scores at the end of the Double Jeopardy! Round:

Brian Sylvia Marybeth
$10,800 $2,400 $3,800
(lock game)

[wagering suggestions for these scores]

Final Jeopardy! Round responses

ACADEMY AWARD HISTORY
SylviaWhat is The Sound of Music?
$2,300
MarybethWhat is The Sound of Music?
$800
BrianWhat is Oliver?
$1,200
Oliver!

Final scores:

Brian Sylvia Marybeth
$12,000 $100 $3,000
2-day champion: $42,800 3rd place: $1,000 2nd place: $2,000

Game dynamics:

Coryat scores:

Brian Sylvia Marybeth
$10,800 $5,000 $3,800
23 R,
4 W
13 R
(including 1 DD),
5 W
(including 2 DDs)
7 R,
2 W

Combined Coryat: $19,600

[game clues] [game scores] [suggest correction]

Game tape date: 2003-07-23
The J! Archive is created by fans, for fans. Scraping, republication, monetization, and malicious use prohibited; this site may use cookies and collect identifying information. See terms. The Jeopardy! game show and all elements thereof, including but not limited to copyright and trademark thereto, are the property of Jeopardy Productions, Inc. and are protected under law. This website is not affiliated with, sponsored by, or operated by Jeopardy Productions, Inc. Join the discussion at JBoard.tv.